00654nam a22001937a 450000500170000001000150001702000260003203500130005803700130007108200120008424501450009626000450024127000630028630000280034950000190037770000200039670000180041670000260043420170712114416.0 aENG-111212 a9780199453344c995.00 aEN-94744 bDBAD/PUB a332.042 aManaging Capital Flows :bissues in selected emerging market economies /cedited by Bruno Carrasco ; Subir Gokarn [and] Hiranya Mukhopadhyay aNew DelhibOxford University Pressc2014 aYMCA Library building, 1 Jai Singh RoadbNew Delhie110001 axxxiii, 286p.c22cm(Hb) aIncludes index aCarrasco, Bruno aGokarn, Subir aMukhopadhyay, Hiranya